Cómo desarrollar la propia personalidad descubriendo y utilizando la potencia emotiva, personal y secreta / (Record no. 31709)

MARC details
000 -LEADER
campo de control de longitud fija 00547nam a2200157 i 4500
001 - NÚMERO DE CONTROL
campo de control 31709
003 - IDENTIFICADOR DE NÚMERO DE CONTROL
campo de control ES-MaACL
007 - CAMPO FIJO DE DESCRIPCIÓN FÍSICA--INFORMACIÓN GENERAL
campo de control de longitud fija t|
008 - DATOS DE LONGITUD FIJA--INFORMACIÓN GENERAL
campo de control de longitud fija 030130s1968 sp ||||1| spa d
100 1# - ENTRADA PRINCIPAL--NOMBRE DE PERSONA
Nombre de persona Benge, Eugene.
9 (RLIN) 27565
245 10 - MENCIÓN DEL TÍTULO
Título Cómo desarrollar la propia personalidad descubriendo y utilizando la potencia emotiva, personal y secreta /
Mención de responsabilidad, etc. por Eugene Benge ; traducida por Pedro Almandoz.
260 ## - PUBLICACIÓN, DISTRIBUCIÓN, ETC.
Lugar de publicación, distribución, etc. Madrid :
Nombre del editor, distribuidor, etc. Ibérico Europea,
Fecha de publicación, distribución, etc. [1968]
300 ## - DESCRIPCIÓN FÍSICA
Extensión 267 p. ;
Dimensiones 22 cm.
700 1# - ENTRADA AGREGADA--NOMBRE PERSONAL
Nombre de persona Almandoz, Pedro.
9 (RLIN) 20084
852 ## - LOCALIZACIÓN
Ubicación ES-MaACL
Número de control de estantería G-5578
Sublocalización o colección R.65920
Holdings
Estatus retirado Estado de pérdida Estado de daño No para préstamo Biblioteca de origen Biblioteca actual Ubicación en estantería Fecha de adquisición Fuente de adquisición Total de préstamos Signatura topográfica completa Código de barras Visto por última vez Precio de reemplazo Tipo de ítem Koha
        Biblioteca del Ateneo de Madrid Biblioteca del Ateneo de Madrid Depósito 2 17/01/2008     G-5578 1032785 23/02/2023 23/02/2023 Libro impreso